Dvojfázové prúdenie plynu a pevných častíc v lavalovej prúdovej dýze. /

Gespeichert in:
Bibliographische Detailangaben
1. Verfasser: Antal, Štefan, 1937- (Verfasst von)
Format: Manuskript Buch
Veröffentlicht: Bratislava : SVŠT v Bratislave SjF, 1976
Tags: Tag hinzufügen
Keine Tags, Fügen Sie das erste Tag hinzu!

MARC

LEADER 00000ntm a22000003a 4500
001 stu47540
005 20150617225710.4
008 ------s1976----cs----------------------d
040 |a STU  |b slo 
041 0
044 |a cs 
080 |a 533.1 
080 |a 532.5  |7 stu_us_auth*stu7227 
100 1 |a Antal, Štefan,  |d 1937-  |4 aut  |u J270  |U SjF Ústav tepelnej energetiky  |T SjF Katedra tepelnej techniky  |X 2486  |U J270  |Y 51  |7 A000002486 
245 1 |a Dvojfázové prúdenie plynu a pevných častíc v lavalovej prúdovej dýze. /  |c [aut.] Antal,Štefan 
260 |a Bratislava :  |b SVŠT v Bratislave SjF,  |c 1976 
300 |a 81 s 
996 |b J52663  |c J*52663/HAB.  |l JJSK  |s A  |a 24  |w stu47540_0001